书目信息 |
| 题名: |
中华人民共和国政府和大不列颠及北爱尔兰联合王国政府关于香港问题的联合声明
|
|
| 作者: | ;法律出版社 编辑 | |
| 分册: | ||
| 出版信息: | 北京 法律出版社 1985 |
|
| 页数: | 36页 | |
| 开本: | 19cm | |
| 丛书名: | ||
| 单 册: | ||
| 中图分类: | D829.12 | |
| 科图分类: | ||
| 主题词: | 中外关系--问题--国际关系史 | |
| 电子资源: | ||
| ISBN: | ||
| 000 | 00823nam0 2200229 45 | |
| 001 | 0185001924 | |
| 005 | 20050629105817.5 | |
| 010 | @dCNY0.18 | |
| 091 | @a6004.802 | |
| 100 | @a19900823d1985 kemy0chiy0121 ea | |
| 101 | 0 | @achi |
| 102 | @aCN@b110000 | |
| 105 | @af z 000yy | |
| 200 | 10 | @a中华人民共和国政府和大不列颠及北爱尔兰联合王国政府关于香港问题的联合声明@Azhong hua ren min gong he guo zheng fu he da bu lie dian ji bei ai er lan lian he wang guo zheng fu guan yu xiang gang wen tide lian he shengming@f法律出版社编辑@FFa Lu Chu Ban She Bian Ji |
| 210 | @a北京@c法律出版社@d1985 | |
| 215 | @a36页@c图@d19cm | |
| 606 | @a中外关系@x问题@x国际关系史 | |
| 690 | @aD829.12@v3 | |
| 711 | 02 | @a法律出版社@4编辑 |
| 801 | 0 | @aCN@b深圳图书馆@c20040430 |
| 801 | 2 | @aCN@bNLC@c20040430 |
| 905 | @dD829.12@e33@f1@b178423 | |
| 中华人民共和国政府和大不列颠及北爱尔兰联合王国政府关于香港问题的联合声明/法律出版社编辑.-北京:法律出版社,1985 |
| 36页:图;19cm |
| ISBN :CNY0.18 |
| ● |
| 相关链接 |
|
|
|
|
正题名:中华人民共和国政府和大不列颠及北爱尔兰联合王国政府关于香港问题的联合声明
索取号:D829.12/33
 
预约/预借
| 序号 | 登录号 | 条形码 | 馆藏地/架位号 | 状态 | 备注 |
| 1 | 0178422 | 001024965 | 第一借阅区/ [索取号:D829.12/33] | 在馆 | |
| 2 | 0178423 | 001024938 | 第一样本阅览室/ [索取号:D829.12/33] | 在馆 |